LEADER 02247nam a2200325 4500 001 000000364837 003 CaOOAMICUS 005 20251024135815.0 008 251024s1797 it 000 u ita r 026 $aieon zia- taa- prfe (3) 1797 (F) 040 $aSeMil$bita 100 11$aNedham, Marchamont,$d<1620-1678>.$0(OLS)http://semarc/name/123023 240 14$aThe excellencie of a free state or the right constitution of government, and rules of policie.$0(OLS)http://semarc/title/456330 245 10$aDella sovranità del popolo e dell'eccellenza di uno stato libero. Opera scritta originalmente in inglese nell'anno 1656. 246 01$aDe la souveraineté du peuple, et de l'excellence d'un état libre par Marchamont Needham 264 1$aMilano :$bNella stamperia a S. Mattia alla Moneta presso S. Sepolcro,$cl'anno 1. della Repubblica Cisalpina [1797-1798] 300 $a63, [1] p. ;$c8° 500 $aStemma xilogr. sul front. 500 $aSegn.: [A]? B-D? 500 $aA p. 3: Avvertimento del traduttore Pietro Custodi 500 $aPer la data cfr. V. Criscuolo, Il giacobino Pietro Custodi: con un'appendice di documenti inediti, Roma, Istituto storico italiano per l'età moderna e contemporanea, 1987, p. 302, in cui l'opera viene attribuita a Pietro Custodi 500 $aProbabile traduzione dall'ed. francese: De la souveraineté du peuple ... Traduit de l'anglais et enrichi de notes de J.-J.-Rousseau, Mably, Bossuet, Condillac ... par Théophile Mandar, Paris, 1790 700 1 $aCustodi, Pietro,$d<1771-1842>.$0(OLS)http://semarc/name/2787 710 2 $aStamperia a S. Mattia alla Moneta$c.$0(OLS)http://semarc/name/7886 850 $aSeMil 852 $aSeMil$W1$xVenegono$y1$m5B II 41/11 FA$j263794$B255663$CSeMilBibl$Z2$F255663 $8I 996 $6246$aDe la souveraineté du peuple, et de l'excellence d'un état libre par Marchamont Needham$9(OLS)http://semarc/title/456331 996 $6245$aDella sovranità del popolo e dell'eccellenza di uno stato libero. Opera scritta originalmente in inglese nell'anno 1656$9(OLS)http://semarc/title/456329 996 $6264$aMilano :$bNella stamperia a S. Mattia alla Moneta presso S. Sepolcro$9(OLS)http://semarc/publisher/51330 LEADER 01169nam a2200277 i 4500 001 000000233904 003 CaOOAMICUS 005 20140929000000.0 008 140929s1993 it u000 u eng u 013 $a212807 020 $a88-384-1786-5 040 $aSeMil$bita 100 1 $aO'Donnell, John,$c.$0(OLS)http://semarc/name/19008 240 10$aIntroduction to the dogmatic theology.$0(OLS)http://semarc/title/62283 245 10$aIntroduzione alla teologia dogmatica /$cJohn O'Donnell. 260 $aCasale Monferrato :$bPiemme,$c1993. 300 $a126 p. ;$c23 cm. 490 0 $aIntroduzione alle discipline teologiche ;$v5 650 4$aTeologia dogmatica.$0(OLS)http://semarc/subject/68 830 0$aIntroduzione alle discipline teologiche ;$v5.$0(OLS)http://semarc/title/9763 850 $aSeMil 852 $aSeMil$W1$xVenegono$y1$m2RA IV 135$j184250$B184250$CSeMilBibl$Z2$F195181 $81 961 $aOmaggio: Altro 996 $6020$a88-384-1786-5$9(OLS)http://semarc/number/237945 996 $6245$aIntroduzione alla teologia dogmatica$9(OLS)http://semarc/title/333886 996 $6260$aCasale Monferrato :$bPiemme$9(OLS)http://semarc/publisher/29798 LEADER 01303nam a2200277 i 4500 001 000000033498 003 CaOOAMICUS 005 20180830125450.0 008 180830s1803 it u000 u ita u 040 $aSeMil$bita 245 10$aScrittori classici italiani di economia politica. Parte antica. 260 $aMilano :$bNella Stamperia e Fonderia di G. G. Destefanis, a san Zeno n. 534,$c1803-1804. 300 $a7 v. ;$c8°. 650 4$aEconomisti - Italia.$0(OLS)http://semarc/subject/5349 700 1 $aCustodi, Pietro,$d<1771-1842>.$0(OLS)http://semarc/name/2787 700 1 $aDestefanis, Giovanni Giuseppe,$c.$0(OLS)http://semarc/name/2918 773 0 $tScrittori classici italiani di economia politica.$dMilano : Nella Stamperia e Fondria di G. G. Destefanis, a san Zeno n. 534, 1803-1816.$w()33494 774 0 $tTomo 1.$g1$w()251797 774 0 $tTomo 2.$g2$w()251798 774 0 $tTomo 4.$g4$w()251799 774 0 $tTomo 3.$g3$w()251800 774 0 $tTomo 5.$g5$w()251801 774 0 $tTomo 6.$g6$w()251802 774 0 $tTomo 7.$g7$w()251803 996 $6245$aScrittori classici italiani di economia politica. Parte antica$9(OLS)http://semarc/title/45322 996 $6260$aMilano :$bNella Stamperia e Fonderia di G. G. Destefanis, a san Zeno n. 534$9(OLS)http://semarc/publisher/39624